[Event "It"]
[Site "masterchessopen.com - Lodz (Poland)"]
[Round "2"]
[White "Bogdanovski Vlatko (MKD)"]
[Black "Rakowiecki Tomasz (POL)"]
[Result "1-0"]
[WhiteElo "2418"]
[BlackElo "2334"]

1.d4 Nf6 2.c4 e6 3.Nf3 c5 4.d5 exd5 5.cxd5 d6 6.Nc3 g6 7.e4 Bg7 8.Be2 O-O
9.O-O a6 10.a4 Bg4 11.Bg5 h6 12.Bh4 Nbd7 13.Nd2 Bxe2 14.Qxe2 Qc7 15.f4 Rfe8
16.Rae1 Rab8 17.Kh1 b5 18.axb5 axb5 19.Nxb5 Qb6 20.Na3 Nxd5 21.Nac4 Qc7 22.Qd3
Nxf4 23.Rxf4 g5 24.Rxf7 Kxf7 25.Nxd6+ Kg8 26.Qd5+ Kh8 27.Nxe8 Rxe8 28.Bg3 Qa7
29.Qf7 Rf8 30.Qe7 Qa4 31.e5 Qd4 32.e6 Nf6 33.Qd6 Nh5 34.Qxf8+ {#r} 1-0

[Event "Ch Central Chess Club"]
[Site "masterchessopen.com - Moscow (Russia)"]
[Round "0"]
[White "Ageichenko Genadi A (RUS)"]
[Black "Cherniak L (RUS)"]
[Result "1-0"]
[WhiteElo "2343"]
[BlackElo "2421"]

1.e4 g6 2.d4 Bg7 3.c4 c5 4.d5 d6 5.Nc3 Nf6 6.Nf3 O-O 7.Be2 e6 8.O-O exd5
9.cxd5 a6 10.a4 Bg4 11.Nd2 Bxe2 12.Qxe2 Nbd7 13.Nc4 Nb6 14.Ne3 Qc7 15.Ra3 Rfe8
16.Qc2 c4 17.f3 Nbd7 18.a5 b5 19.axb6 Nxb6 20.Na4 Nfd7 21.Nxb6 Nxb6 22.Bd2 Qc5
23.Kh1 a5 24.Bc3 Rec8 25.Bxg7 Kxg7 26.Qc3+ f6 27.Nc2 Nd7 28.f4 Re8 29.Nd4 Nf8
30.Re1 Qb4 31.Nc6 Qxc3 32.Rxc3 Nd7 33.Rxc4 Ra6 34.Kg1 f5 35.e5 Nb6 36.Rd4 Nxd5
37.Rc1 Nb4 38.Nxb4 axb4 39.Rc7+ Kf8 40.exd6 Rd8 41.Rxh7 Rdxd6 42.Rxb4 Rab6
43.Rb7 Rxb4 44.Rxb4 Kg7 45.Kf2 Kh6 46.h3 g5 47.Ke3 Re6+ 48.Kf3 Rd6 49.Rb5 Kg6
50.fxg5 Kxg5 51.g4 Rd3+ 52.Ke2 Rxh3 53.gxf5 Kf6 54.Kd2 Rh2+ 55.Kc3 Rh3+ 56.Kb4
Rh4+ 57.Ka5 Rh2 58.Ka4 Rh4+ 59.b4 {#r} 1-0

[Event "It (open)"]
[Site "masterchessopen.com - New York (USA)"]
[Round "0"]
[White "Denker Arnold S (USA)"]
[Black "Ashley Maurice (USA)"]
[Result "1-0"]
[WhiteElo "2295"]
[BlackElo "2415"]

1.d4 Nf6 2.Nf3 c5 3.d5 e6 4.c4 exd5 5.cxd5 d6 6.e4 g6 7.Nc3 Bg7 8.Be2 O-O
9.O-O a6 10.a4 Bg4 11.Nd2 Bxe2 12.Qxe2 Nbd7 13.Nc4 Nb6 14.Ne3 Re8 15.a5 Nbd7
16.Nc4 Qc7 17.Bf4 Bf8 18.Qf3 Nh5 19.Bd2 Ne5 20.Nxe5 Rxe5 21.g4 Ng7 22.Na4 Rae8
23.Rfe1 Qe7 24.Nc3 f5 25.exf5 gxf5 26.Rxe5 Qxe5 27.Ra4 Re7 28.g5 Re8 29.Kg2
Qe7 30.Qh3 Qd7 31.Rh4 Kf7 32.Rxh7 Ke7 33.Ne2 Kd8 34.Nf4 Qa4 35.Qc3 Kc8 36.Rxg7
Bxg7 37.Qxg7 Kb8 38.Qf6 Qd1 39.Qc3 {#r} 1-0

[Event "It (open)"]
[Site "masterchessopen.com - Novi Sad (Yugoslavia)"]
[Round "3"]
[White "Lazic Marina (YUG)"]
[Black "Markovic Miroljub (YUG)"]
[Result "0-1"]
[WhiteElo "2135"]
[BlackElo "2270"]

1.d4 Nf6 2.c4 c5 3.d5 d6 4.Nc3 g6 5.Nf3 Bg7 6.e4 O-O 7.Be2 e6 8.O-O exd5
9.cxd5 a6 10.a4 Bg4 11.Nd2 Bxe2 12.Qxe2 Nbd7 13.Nc4 Ne8 14.f4 Bd4+ 15.Kh1 f6
16.Qd3 f5 17.Be3 Bg7 18.Rae1 Nb6 19.e5 Rc8 20.e6 Nxc4 21.Qxc4 Qb6 22.Qe2 Qb3
23.Qd2 b5 24.axb5 axb5 25.Ra1 Nf6 26.Rfd1 b4 27.Na4 Ne4 28.Qe2 Ra8 {#R} 0-1

[Event "Ch Yugoslavia"]
[Site "masterchessopen.com - Pljevlja (Bosnia & Herzegovina)"]
[Round "7"]
[White "Kozul Zdenko (CRO)"]
[Black "Damljanovic Branko (SRB)"]
[Result "1-0"]
[WhiteElo "2560"]
[BlackElo "2555"]

1.d4 Nf6 2.c4 c5 3.d5 g6 4.Nc3 Bg7 5.e4 d6 6.Nf3 O-O 7.Be2 e6 8.O-O exd5
9.cxd5 a6 10.a4 Bg4 11.Bf4 Bxf3 12.Bxf3 Qe7 13.Re1 Nbd7 14.a5 Rfe8 15.Qd2 Rac8
16.Na4 h5 17.Rac1 Nh7 18.h3 Be5 19.Be3 Qf6 20.b4 c4 21.Nc3 Qh4 22.Ne2 Ndf6
23.g3 Qxh3 24.Bg2 Qg4 25.f3 Qd7 26.f4 Nxe4 27.Bxe4 Bxf4 28.Bxf4 Rxe4 29.Nc3
Rxe1+ 30.Rxe1 Nf6 31.Bg5 Nh7 32.Re7 Qg4 33.Bf4 h4 34.Qe2 Qxe2 35.Rxe2 g5
36.Bxd6 Rd8 37.Be7 {#r} 1-0

[Event "It (open)"]
[Site "masterchessopen.com - Chartres (France)"]
[Round "4"]
[White "Renaze Luc (FRA)"]
[Black "Magerramov Elmar (AZE)"]
[Result "0-1"]
[WhiteElo "2282"]
[BlackElo "2517"]

1.d4 Nf6 2.c4 e6 3.Nf3 c5 4.d5 exd5 5.cxd5 d6 6.Nc3 g6 7.e4 Bg7 8.Be2 O-O
9.O-O a6 10.a4 Bg4 11.Nd2 Bxe2 12.Qxe2 Nbd7 13.Nc4 Nb6 14.Ne3 Qe7 15.a5 Nbd7
16.Nc4 Ne5 17.Nxe5 Qxe5 18.Ra4 Rae8 19.Qf3 Nd7 20.Bf4 Qe7 21.Qg3 Ne5 22.b4 c4
23.b5 Qc7 24.Rb1 f5 25.h4 fxe4 26.bxa6 bxa6 27.Nxe4 Qd7 28.Rab4 Nd3 29.Bxd6
Rxe4 30.Bxf8 Bxf8 31.Rb8 Qxd5 32.Qf3 Re1+ 33.Rxe1 Qxf3 34.gxf3 Nxe1 35.Ra8 Nd3
36.Rc8 Nc5 37.Kf1 Kf7 38.Ke2 Bd6 39.Kd1 Ke6 40.Kc2 Kd5 {#R} 0-1

[Event "It (open)"]
[Site "masterchessopen.com - Stockholm (Sweden)"]
[Round "0"]
[White "Naumkin Igor (RUS)"]
[Black "Wedberg Tom (SWE)"]
[Result "1/2-1/2"]
[WhiteElo "2455"]
[BlackElo "2480"]

1.d4 Nf6 2.c4 e6 3.Nf3 c5 4.d5 exd5 5.cxd5 d6 6.Nc3 g6 7.e4 Bg7 8.Be2 O-O
9.O-O a6 10.a4 Bg4 11.Bf4 Bxf3 12.Bxf3 Qe7 13.Re1 Nbd7 14.Qd2 Ne8 15.Be2 Nc7
16.Bf1 Rab8 17.Bg3 f6 18.a5 b5 19.axb6 Rxb6 20.Nd1 Rfb8 21.Ra2 Rb4 22.f3 Nb6
23.Ne3 Bh6 24.Nf5 gxf5 25.Qxh6 fxe4 26.fxe4 Nd7 27.Ra3 Kh8 28.Bxa6 Rxb2 29.Bf1
Ne5 30.Ra7 Nf7 31.Qf4 R2b7 32.Bh4 Ng5 33.Rxb7 Rxb7 34.Qf5 Rb4 35.Bxg5 fxg5
36.e5 Rf4 37.Qd3 Rd4 38.Qg3 Rxd5 39.exd6 Qxd6 40.Qxd6 Rxd6 41.Re5 Rc6 42.Bc4
h6 43.Re7 Na6 44.Kf2 Nb4 45.Ke3 Rd6 46.Re5 Nc2+ 47.Kf3 Rf6+ 48.Ke4 Ne1 49.g3
Nf3 50.Rxc5 Nxh2 51.Rf5 Ng4 52.Rxf6 Nxf6+ 53.Kf5 Kg7 54.g4 Nd7 55.Bb3 Nc5
56.Bc2 Nb7 57.Ke5 Na5 58.Bd3 Nc6+ 59.Kf5 Nb4 60.Be4 Na2 61.Bd5 Nc3 62.Bf3 {#d}
1/2-1/2

[Event "It (open)"]
[Site "masterchessopen.com - Val Maubuee (France)"]
[Round "0"]
[White "Renaze Luc (FRA)"]
[Black "Nemirovski Serge (FRA)"]
[Result "0-1"]
[WhiteElo "2282"]
[BlackElo "2221"]

1.d4 Nf6 2.c4 c5 3.d5 g6 4.Nc3 Bg7 5.e4 d6 6.Be2 O-O 7.Nf3 e6 8.O-O exd5
9.cxd5 a6 10.a4 Bg4 11.Bf4 Re8 12.h3 Nxe4 13.hxg4 Bxc3 14.Qb3 Bb4 15.g5 f6
16.Nd4 cxd4 17.Qxb4 Nc5 18.Bf3 fxg5 19.Bg3 Qf6 20.Qb6 Nbd7 21.Qxd6 Qxd6
22.Bxd6 Ne4 23.Bxe4 Rxe4 24.Rfe1 Rae8 25.Rxe4 Rxe4 26.f3 Re2 27.Rd1 Rxb2
28.Rxd4 Kf7 29.a5 Rb5 30.Bc7 Nf6 31.d6 Ke8 32.Kf2 Kd7 33.Ke2 Nd5 34.Rc4 Nb4
35.g4 Nc6 36.Ra4 Rb4 37.Ra1 Nd4+ 38.Kd3 Nxf3 39.Rh1 h5 40.gxh5 gxh5 41.Ke2
Nd4+ 42.Kd3 Ne6 43.Bb8 h4 44.Kc3 Rb5 45.Rf1 Nf4 46.Re1 Nd5+ 47.Kd4 Rxa5 48.Rf1
Nf4 49.Rc1 Ne6+ {#R} 0-1

[Event "It (open) (b)"]
[Site "masterchessopen.com - Val Maubuee (France)"]
[Round "0"]
[White "Aouizerate Robert (FRA)"]
[Black "Jaulin Marc (FRA)"]
[Result "0-1"]
[WhiteElo "1907"]
[BlackElo "2108"]

1.d4 Nf6 2.c4 c5 3.d5 e6 4.Nc3 exd5 5.cxd5 d6 6.e4 g6 7.Be2 Bg7 8.Nf3 O-O
9.O-O a6 10.a4 Bg4 11.Nd2 Bxe2 12.Qxe2 Nbd7 13.h3 Re8 14.a5 Qc7 15.Ra4 Re7
16.f4 Rae8 17.Qd3 c4 18.Qxc4 Nc5 19.e5 dxe5 20.fxe5 Rxe5 21.b4 Nxd5 22.Nxd5
Rxd5 23.Qxd5 Nxa4 24.Ne4 Qe7 25.Nd6 Nc3 26.Qxf7+ Qxf7 27.Nxf7 Ne2+ 28.Kh2 Nxc1
{#R} 0-1

[Event "It"]
[Site "masterchessopen.com - Vrnjacka Banja (Serbia)"]
[Round "0"]
[White "Tosic Miroslav (SRB)"]
[Black "Tringov Georgi P (BUL)"]
[Result "1-0"]
[WhiteElo "2434"]
[BlackElo "2379"]

1.d4 Nf6 2.c4 c5 3.d5 e6 4.Nc3 exd5 5.cxd5 d6 6.e4 g6 7.Nf3 Bg7 8.Be2 O-O
9.O-O a6 10.a4 Bg4 11.Bf4 Qe7 12.Re1 Nbd7 13.h3 Bxf3 14.Bxf3 Ne8 15.Qd2 Nc7
16.Be2 Rab8 17.Bg3 Bd4 18.Kh1 f5 19.exf5 gxf5 20.Bxa6 Qf6 21.Bf1 f4 22.Ne4 Qh6
23.Nc3 Qf6 24.Bh2 Ne5 25.Re4 f3 26.g4 Ng6 27.Rae1 Be5 28.g5 Qf5 29.Rg4 Bxh2
30.Kxh2 Rbe8 31.Bd3 Qf7 32.Ne4 Kh8 33.Nxd6 Qxd5 34.Nxe8 Nxe8 35.Qc3+ Ng7
36.Bxg6 Qd6+ 37.Kg1 hxg6 38.Rh4+ Kg8 39.Qc4+ Rf7 40.Rh8+ Kxh8 41.Qxf7 Qd2
42.Qf8+ Kh7 43.Qe7 Qxb2 44.Qf6 {#r} 1-0

[Event "Ch Poland"]
[Site "masterchessopen.com - Bielsko-Biala (Poland)"]
[Round "3"]
[White "Laptos Krzysztof (POL)"]
[Black "Murdzia Piotr (POL)"]
[Result "0-1"]
[WhiteElo "2255"]
[BlackElo "2472"]

1.d4 Nf6 2.c4 c5 3.d5 g6 4.Nc3 d6 5.e4 Bg7 6.Nf3 O-O 7.Be2 e6 8.O-O exd5
9.cxd5 a6 10.a4 Bg4 11.h3 Bxf3 12.Bxf3 Nbd7 13.Bg5 Qc7 14.Qd2 Rfe8 15.Rae1
Rab8 16.Bd1 b5 17.axb5 axb5 18.Bc2 Ne5 19.f4 Nc4 20.Qc1 Nd7 21.e5 dxe5 22.f5
f6 23.Bh6 g5 24.Bxg7 Kxg7 25.Ne4 Nd6 26.Nxg5 fxg5 27.Qxg5+ Kh8 28.f6 Rg8
29.Qh5 e4 30.Bxe4 Nxe4 31.Rxe4 Qg3 32.Qe2 Rbf8 33.f7 Rg6 34.Re7 Qd6 35.Rf5 c4
36.Qe4 Nf6 37.Qe3 Kg7 38.Qa7 Qg3 39.Rf2 Qd3 40.Qc7 Qd1+ 41.Kh2 Qxd5 42.Re5
Rxf7 43.Rxd5 Rxc7 44.Rxb5 Ne4 45.Rf4 Nd2 46.Rb4 Re7 47.Rf2 Rd7 48.g4 Re6
49.Rb5 h6 50.h4 Re4 51.g5 h5 52.Kh3 Rd3+ 53.Kg2 Rg4+ {#R} 0-1

[Event "It (open)"]
[Site "masterchessopen.com - Bled (Slovenia)"]
[Round "0"]
[White "Gostisa Leon (SLO)"]
[Black "Djuric Ranko (SRB)"]
[Result "1-0"]
[WhiteElo "2440"]
[BlackElo "2098"]

1.d4 Nf6 2.Nf3 g6 3.c4 Bg7 4.Nc3 O-O 5.e4 d6 6.Be2 c5 7.d5 e6 8.O-O exd5
9.cxd5 a6 10.a4 Bg4 11.Bf4 Nh5 12.Bg5 Qb6 13.Qd2 Nd7 14.h3 Bxf3 15.Bxf3 Nhf6
16.Rfe1 Rfe8 17.Bf4 Rac8 18.Qc2 Ne5 19.Be2 h6 20.a5 Qd8 21.Bg3 Nh7 22.f4 Nd7
23.Kh1 h5 24.Bf3 b5 25.axb6 Qxb6 26.Re2 Nhf8 27.Rae1 f6 28.e5 fxe5 29.f5 Qd8
30.Ne4 h4 31.Bf2 Qe7 32.fxg6 Nxg6 33.Bh5 Nf4 34.Bxe8 Rxe8 35.Re3 Nf8 36.Ra3
Ra8 37.Rea1 Rd8 38.Rxa6 N8g6 39.Rxd6 Rxd6 40.Bxc5 Qb7 41.Nxd6 Qxd5 42.Qc4 Qxc4
43.Nxc4 e4 44.Ra8+ Kh7 45.Ra7 Kg8 46.Ra8+ Kh7 47.b4 Nd3 48.Rc8 {#r} 1-0

[Event "It \"]
[Site "masterchessopen.com - Copenhagen (Denmark)"]
[Round "0"]
[White "Olesen Martin (DEN)"]
[Black "Hoi Carsten (DEN)"]
[Result "0-1"]
[WhiteElo "2325"]
[BlackElo "2405"]

1.d4 Nf6 2.Nf3 g6 3.c4 Bg7 4.Nc3 O-O 5.e4 d6 6.Be2 c5 7.d5 e6 8.O-O exd5
9.cxd5 a6 10.a4 Bg4 11.Bf4 Bxf3 12.Bxf3 Qe7 13.a5 Nbd7 14.Re1 Ne5 15.Na4 Nfd7
16.Be2 Rae8 17.Qb3 f5 18.exf5 gxf5 19.Bh5 Rb8 20.Qg3 Kh8 21.Bg5 Bf6 22.Bh6 Rg8
23.Qf4 Bg5 24.Bxg5 Rxg5 25.Bd1 Qg7 26.Bf3 Nxf3+ 27.Qxf3 Ne5 28.Qh3 Rg8 29.g3
Nf3+ 30.Kf1 Nxe1 31.Rxe1 f4 32.Nc3 Re5 33.Rxe5 Qxe5 34.Qd7 Rf8 35.gxf4 Qxf4
36.Nd1 Qc4+ 37.Ke1 Qxd5 {#R} 0-1

[Event "Ch Hungary (team)"]
[Site "masterchessopen.com - Hungary"]
[Round "0"]
[White "Krisztian Gabor (HUN)"]
[Black "Madl Ildiko (HUN)"]
[Result "1/2-1/2"]
[WhiteElo "2155"]
[BlackElo "2370"]

1.d4 Nf6 2.c4 e6 3.Nf3 c5 4.d5 exd5 5.cxd5 d6 6.Nc3 g6 7.e4 Bg7 8.Be2 O-O
9.O-O a6 10.a4 Bg4 11.Nd2 Bxe2 12.Qxe2 Nbd7 13.Nc4 Nb6 14.a5 Nxc4 15.Qxc4 Re8
16.f3 Nd7 17.Bf4 Ne5 18.Qe2 Rc8 19.Be3 Qd7 20.Rfc1 f5 21.h3 Nf7 22.Qc4 fxe4
23.fxe4 Qe7 24.Re1 Be5 25.Bf2 Qf6 26.Ra3 Qf4 27.g3 Qf6 28.Kg2 Ng5 29.Nd1 Rf8
30.Qe2 Rce8 31.h4 Nf7 32.Rf1 Qe7 33.Qg4 Bg7 34.Rb3 Ne5 35.Qe2 Rf7 36.Be3 Rxf1
37.Qxf1 Ng4 38.Qf3 Nxe3+ 39.Rxe3 Qc7 40.Rb3 Rf8 41.Qg4 Qxa5 42.Rf3 Rxf3
43.Kxf3 Qc7 44.Ke2 Qe7 45.b3 Qe8 46.Ne3 b5 47.h5 gxh5 48.Qf5 h6 49.Kd3 a5
50.g4 Qe5 51.gxh5 Qc3+ 52.Ke2 Qb2+ 53.Ke1 Qc3+ 54.Ke2 Qb2+ 55.Ke1 Qe5 {#d}
1/2-1/2

[Event "It (open)"]
[Site "masterchessopen.com - Lyngby (Denmark)"]
[Round "-30"]
[White "Reuter Filip (DEN)"]
[Black "Mortensen Henrik (DEN)"]
[Result "1/2-1/2"]
[WhiteElo "2251"]
[BlackElo "2012"]

1.d4 Nf6 2.Nf3 c5 3.d5 d6 4.c4 g6 5.Nc3 Bg7 6.e4 O-O 7.Be2 e6 8.O-O exd5
9.cxd5 a6 10.a4 Bg4 11.Nd2 Bxe2 12.Qxe2 Nbd7 13.Nc4 Nb6 14.Ne3 Re8 15.f3 Nh5
16.g3 Qe7 17.a5 Nd7 18.Nc4 f5 19.Be3 Bxc3 20.bxc3 fxe4 21.f4 Ndf6 22.Rfd1 Rad8
23.Bc1 Ng7 24.Ne3 Nf5 25.Ra3 Nxe3 26.Bxe3 Qd7 27.c4 Qh3 28.Rb3 Rd7 29.Rdb1
Ree7 30.Rb6 Ng4 31.R6b3 Nxe3 32.Rxe3 Qf5 33.Re1 Kf7 34.g4 Qf6 35.Rxe4 Rxe4
36.Qxe4 Qd4+ 37.Qxd4 cxd4 38.Re6 Rc7 39.Rxd6 d3 40.Kf2 Rxc4 41.Ke3 {#d}
1/2-1/2

[Event "It (open)"]
[Site "masterchessopen.com - Rheinland (Germany)"]
[Round "0"]
[White "Jasnikowski Zbigniew (POL)"]
[Black "Sachs Thomas (GER)"]
[Result "1/2-1/2"]
[WhiteElo "2376"]
[BlackElo "1993"]

1.d4 Nf6 2.c4 c5 3.d5 e6 4.Nc3 exd5 5.cxd5 d6 6.e4 g6 7.Nf3 Bg7 8.Be2 O-O
9.O-O a6 10.a4 Bg4 11.h3 Bxf3 12.Bxf3 Nbd7 13.Bf4 Qc7 14.Qc2 Rfe8 15.a5 Rab8
16.Rfe1 b5 17.axb6 Rxb6 18.Ra2 Reb8 19.Be2 Nh5 20.Bd2 Qb7 21.Na4 Rb5 22.Bxb5
axb5 23.Bc3 Bxc3 24.Nxc3 b4 25.Qb3 bxc3 26.Qxc3 Qb4 27.Qxb4 Rxb4 28.Ra6 Nb6
29.Re3 Rxb2 30.Rf3 Nc4 31.g4 Ne5 32.Rfa3 Nf4 33.Rxd6 c4 34.Rd8+ Kg7 35.Rc8 c3
36.Rcxc3 Ne2+ 37.Kf1 Nxc3 38.Rxc3 g5 39.Ra3 Rd2 40.Re3 Rd3 41.Ke2 Rxe3+
42.Kxe3 f6 43.f4 Nc4+ 44.Kd4 Nd6 45.fxg5 fxg5 46.e5 Nb7 47.Kc4 Kf7 48.Kb5 Ke7
49.Kc4 Nd8 50.Kd4 Nf7 51.Ke4 Nh6 52.Kd4 Nf7 53.Ke4 h6 54.Kf5 Nd8 {#d} 1/2-1/2

[Event "It (open) \"]
[Site "masterchessopen.com - Barcelona (Spain)"]
[Round "0"]
[White "Gual Pascual Antonio (ESP)"]
[Black "Ayas Fernandez Antonio (ESP)"]
[Result "1-0"]
[WhiteElo "2436"]
[BlackElo "2286"]

1.d4 Nf6 2.c4 e6 3.Nc3 c5 4.d5 exd5 5.cxd5 d6 6.e4 g6 7.Nf3 Bg7 8.Be2 a6 9.a4
Bg4 10.O-O O-O 11.Bf4 Re8 12.Nd2 Bxe2 13.Qxe2 Nh5 14.Be3 Nd7 15.a5 Be5 16.Nc4
Qf6 17.Nxe5 Rxe5 18.f4 Ree8 19.g4 Ng7 20.Ra4 Qe7 21.e5 dxe5 22.f5 f6 23.Ne4
{#r} 1-0

[Event "It (open)"]
[Site "masterchessopen.com - Biel (Switzerland)"]
[Round "5"]
[White "Baburin Alexander (IRL)"]
[Black "Van Der Werf Mark (NED)"]
[Result "1-0"]
[WhiteElo "2535"]
[BlackElo "2395"]

1.d4 Nf6 2.c4 c5 3.d5 d6 4.Nc3 g6 5.e4 Bg7 6.Nf3 O-O 7.Be2 e6 8.O-O exd5
9.cxd5 a6 10.a4 Bg4 11.Bf4 Bxf3 12.Bxf3 Qe7 13.Re1 Nbd7 14.a5 h5 15.h3 Nh7
16.Qd2 Qf6 17.Be3 Qh4 18.Be2 g5 19.Ra4 Be5 20.Bf1 g4 21.g3 Qd8 22.hxg4 hxg4
23.Be2 Ndf6 24.Bg5 Kh8 25.Kg2 Rg8 26.Rh1 Rg6 27.Bxg4 Bxc3 28.bxc3 Nxe4 29.Bxd8
Nxd2 30.Bf5 c4 31.Bxg6 fxg6 32.Be7 Kg8 33.Bxd6 Nf6 34.Be5 Kf7 35.Bxf6 Kxf6
36.Rd1 Nb3 37.Rxc4 Nxa5 38.Rc7 b5 39.Ra1 {#r} 1-0

[Event "It (open)"]
[Site "masterchessopen.com - Bozen (Italy)"]
[Round "0"]
[White "Ziegler Ari (SWE)"]
[Black "Zelcic Robert (CRO)"]
[Result "0-1"]
[WhiteElo "2341"]
[BlackElo "2564"]

1.d4 Nf6 2.c4 c5 3.d5 g6 4.Nc3 Bg7 5.e4 O-O 6.Nf3 d6 7.Be2 e6 8.O-O exd5
9.cxd5 a6 10.a4 Bg4 11.Bf4 Re8 12.h3 Nxe4 13.hxg4 Bxc3 14.Qb3 Bb4 15.Bd3 Nd7
16.g5 f5 17.Bxe4 fxe4 18.Nd4 cxd4 19.Qxb4 Nc5 20.Rad1 Nd3 21.Rxd3 exd3 22.Qxd4
Qe7 23.Qxd3 Qe4 24.Qg3 Qxd5 25.Bxd6 Rad8 26.Bb4 Qc4 27.Qc3 Qxf1+ 28.Kxf1 Rd1+
29.Qe1 Rexe1+ 30.Bxe1 Rd5 31.g3 Rxg5 32.Bc3 Rd5 33.a5 h5 34.Ke2 Kf7 35.Ke3 Ke6
36.Ke4 g5 37.Kf3 Kf5 38.Kg2 Rd3 39.f3 g4 40.f4 Rf3 41.Be5 Ke4 42.Bd6 Rd3
43.Bb4 Rd1 44.Bc3 Rc1 45.Be5 Rc2+ 46.Kg1 h4 {#R} 0-1

[Event "It \"]
[Site "masterchessopen.com - Buenos Aires (Argentina)"]
[Round "1"]
[White "Quiroga Facundo (ARG)"]
[Black "Sifres Pablo (ARG)"]
[Result "1-0"]
[WhiteElo "2328"]
[BlackElo "2155"]

1.d4 Nf6 2.c4 c5 3.d5 e6 4.Nc3 exd5 5.cxd5 d6 6.e4 g6 7.Nf3 Bg7 8.Be2 O-O
9.O-O a6 10.a4 Bg4 11.Bf4 Nh5 12.Bg5 Qc7 13.h3 Bxf3 14.Bxf3 Nf6 15.Qd2 Nbd7
16.Bh6 Rab8 17.Bxg7 Kxg7 18.Rfc1 Rfe8 19.b3 b5 20.b4 Qb6 21.Rcb1 cxb4 22.Rxb4
Qa5 23.Qd4 bxa4 24.Rbxa4 Qc5 25.Qd2 Rb3 26.Nd1 Nb6 27.Rxa6 Nxe4 28.Qa2 Rd3
29.Qb2+ Nf6 30.Rxb6 Re1+ 31.Kh2 Rxf3 32.gxf3 Qc4 33.Ne3 Qf4+ 34.Kg2 Qg5+
35.Ng4 Re5 36.Rxd6 h5 {#r} 1-0

[Event "Tournament"]
[Site "masterchessopen.com - Buenos Aires (Argentina)"]
[Round "4"]
[White "Szmetan Jorge (ARG)"]
[Black "Bronstein Luis (ARG)"]
[Result "1-0"]
[WhiteElo "2400"]
[BlackElo "2349"]

1.Nf3 Nf6 2.c4 e6 3.d4 c5 4.d5 exd5 5.cxd5 d6 6.Nc3 g6 7.e4 Bg7 8.Be2 O-O
9.O-O a6 10.a4 Bg4 11.Nd2 Bxe2 12.Qxe2 Nbd7 13.Nc4 Nb6 14.Ne3 Nh5 15.a5 Nd7
16.Nc4 b5 17.axb6 Nxb6 18.Na5 Qh4 19.Nc6 Nd7 20.Rxa6 Rxa6 21.Qxa6 Ne5 22.Nxe5
Bxe5 23.g3 Qh3 24.Ne2 Rb8 25.f4 Bg7 26.Qxd6 Re8 27.e5 Nf6 28.Qc6 Rc8 29.Qb7
Nh5 30.d6 Qe6 31.Nc3 {#r} 1-0

[Event "It (open)"]
[Site "masterchessopen.com - Cappelle la Grande (France)"]
[Round "0"]
[White "Naumkin Igor (RUS)"]
[Black "Ciemniak Robert (POL)"]
[Result "1/2-1/2"]
[WhiteElo "2460"]
[BlackElo "2383"]

1.d4 Nf6 2.c4 c5 3.d5 e6 4.Nc3 exd5 5.cxd5 d6 6.Nf3 g6 7.e4 Bg7 8.Be2 O-O
9.O-O a6 10.a4 Bg4 11.Bf4 Qe7 12.Nd2 Bxe2 13.Qxe2 Nh5 14.Be3 Nd7 15.a5 Bd4
16.Ra4 Qf6 17.Qd3 Ne5 18.Bxd4 Nxd3 19.Bxf6 Nxf6 20.Nc4 Rad8 21.Rd1 Nb4 22.Rd2
Ne8 23.f4 f6 24.Ra1 Nc7 25.Re1 Rfe8 26.Ree2 Nb5 27.Nxb5 axb5 28.Na3 Ra8
29.Nxb5 Red8 30.Nc7 Rxa5 31.e5 dxe5 32.fxe5 fxe5 33.Rxe5 c4 34.h4 Nd3 35.Re7
Ra2 36.Ne6 Rxd5 37.Rg7+ Kh8 38.Rxb7 h6 39.Rc2 Ne5 40.Rc1 Rda5 41.Kh2 Ra1
42.Rc2 Re1 43.Rd2 Ra8 44.Nf4 Re3 45.Rd1 g5 46.hxg5 hxg5 47.Nh5 Ng4+ 48.Kg1
Rae8 49.g3 Rf8 50.Rc7 Re2 51.Rb7 Re3 52.Rc7 Re2 53.Rb7 {#d} 1/2-1/2

[Event "Ch URS (corr.)"]
[Site "masterchessopen.com - corr."]
[Round "0"]
[White "Mochalov Evgeny V (BLR)"]
[Black "Magerramov Elmar (AZE)"]
[Result "1/2-1/2"]
[WhiteElo "2470"]
[BlackElo "2565"]

1.d4 Nf6 2.c4 e6 3.Nf3 c5 4.d5 exd5 5.cxd5 d6 6.Nc3 g6 7.e4 Bg7 8.Be2 O-O
9.O-O a6 10.a4 Bg4 11.Bf4 Bxf3 12.Bxf3 Qe7 13.Re1 Nbd7 14.a5 h5 15.Qd2 Rab8
16.Be2 b5 17.axb6 Rxb6 18.Bf1 Rfb8 19.Ra2 Rb4 20.f3 Ne8 21.Kh1 Nc7 22.Bg5 Qf8
23.Rc1 Ne5 24.Re1 f5 25.exf5 Qxf5 26.Be7 Rd4 27.Qc1 Nxd5 28.Bxd6 Nxc3 29.Rxa6
Nxf3 30.gxf3 Rd8 31.Qxc3 R4xd6 32.Rxd6 Rxd6 33.Re8+ Kh7 34.Re7 Rf6 35.Be2 Rf7
{#d} 1/2-1/2

[Event "Oberliga Northeast 1991/92"]
[Site "masterchessopen.com - Germany"]
[Round "-57"]
[White "Zellner Richard (GER)"]
[Black "Brustkern Juergen (GER)"]
[Result "0-1"]
[WhiteElo "2161"]
[BlackElo "2249"]

1.d4 Nf6 2.c4 e6 3.Nc3 c5 4.d5 exd5 5.cxd5 d6 6.e4 g6 7.Nf3 Bg7 8.Be2 O-O
9.O-O a6 10.a4 Bg4 11.Ng5 Bxe2 12.Qxe2 Nbd7 13.Bd2 Re8 14.f3 Rc8 15.Rab1 c4
16.b4 Ne5 17.Nh3 Nd3 18.Nf2 Nxf2 19.Qxf2 Nd7 20.b5 Nc5 21.Kh1 Nb3 22.Be1 Rc7
23.Na2 axb5 24.axb5 Rc5 25.Qc2 Qc7 26.Bc3 Rxb5 27.Bxg7 Kxg7 28.Qc3+ Kg8 29.Nc1
Nd4 30.Na2 Qc5 31.Rbd1 Nb3 32.Qf6 Ra5 33.Nc3 Qc7 34.Rfe1 Qe7 35.Qf4 f6 36.e5
fxe5 37.Qxc4 Nc5 38.Qb4 Rea8 39.Rb1 Nd3 40.Qe4 Nf2+ {#R} 0-1

[Event "Oberliga NRW 1991/92"]
[Site "masterchessopen.com - Germany"]
[Round "0"]
[White "Loemker Michael (GER)"]
[Black "Blaskowski Johannes (GER)"]
[Result "0-1"]
[WhiteElo "2150"]
[BlackElo "2303"]

1.d4 Nf6 2.c4 e6 3.Nf3 c5 4.d5 exd5 5.cxd5 d6 6.Nc3 g6 7.e4 Bg7 8.Be2 O-O
9.O-O a6 10.a4 Bg4 11.Bf4 Re8 12.Nd2 Bxe2 13.Qxe2 Nh5 14.Be3 Nd7 15.Rae1 Bd4
16.g4 Nhf6 17.f3 Nb6 18.Qf2 Bxe3 19.Rxe3 Qe7 20.Rfe1 Nbd7 21.h3 g5 22.Kg2 Ne5
23.b3 Ng6 24.Nc4 Nd7 25.Ne2 b5 26.Na5 Qf6 27.Nc6 Nde5 28.Nxe5 Qxe5 29.Kh1 bxa4
30.bxa4 Rab8 31.h4 Rb2 32.hxg5 Qxg5 33.f4 Qxg4 34.f5 Rxe4 35.fxg6 hxg6 36.Rxe4
Qxe4+ 37.Qg2 Qh4+ {#R} 0-1

[Event "It (open)"]
[Site "masterchessopen.com - Leukerbad (Switzerland)"]
[Round "0"]
[White "Baburin Alexander (IRL)"]
[Black "Goldstern Flip (NED)"]
[Result "1-0"]
[WhiteElo "2535"]
[BlackElo "2319"]

1.d4 Nf6 2.c4 c5 3.d5 g6 4.Nc3 Bg7 5.e4 d6 6.Nf3 O-O 7.Be2 e6 8.O-O exd5
9.cxd5 a6 10.a4 Bg4 11.Bf4 Bxf3 12.Bxf3 Qe7 13.Re1 Nbd7 14.a5 Rfb8 15.Na4 Re8
16.Re3 Rab8 17.Rb1 Ne5 18.Be2 Qc7 19.b4 cxb4 20.Nb6 Nfd7 21.Rxb4 Nc5 22.h3
Ned7 23.Qc2 Nxb6 24.Rxb6 Rbd8 25.Qc4 h6 26.Bg3 g5 27.f4 gxf4 28.Bxf4 Re5
29.Bg4 Qe7 30.Bf5 Kh8 31.Qe2 Re8 32.Qh5 Rxf5 33.exf5 Bd4 34.Qxh6+ Kg8 35.Kh1
Bxe3 36.f6 Qf8 37.Qg5+ Kh7 38.Bxe3 {#r} 1-0

[Event "Ch Netherlands (team)"]
[Site "masterchessopen.com - Netherlands"]
[Round "0"]
[White "Van Dijk Timon (NED)"]
[Black "Van Der Vliet Fred (NED)"]
[Result "1/2-1/2"]
[WhiteElo "2233"]
[BlackElo "2266"]

1.d4 Nf6 2.Nf3 e6 3.c4 c5 4.d5 exd5 5.cxd5 g6 6.Nc3 d6 7.e4 Bg7 8.Be2 O-O
9.O-O a6 10.a4 Bg4 11.Nd2 Bxe2 12.Qxe2 Nbd7 13.Nc4 Nb6 14.Bg5 Re8 15.Rfe1 Nxc4
16.Qxc4 Qb6 17.Bxf6 Bxf6 18.b3 Qa5 19.Rac1 Rab8 20.g3 b5 21.axb5 axb5 22.Qd3
Qb4 23.Nb1 Ra8 24.Nd2 Ra2 25.Re2 Rea8 26.f4 Bd4+ 27.Kf1 Rb2 28.e5 dxe5 29.fxe5
Bxe5 30.Rxe5 Rxd2 31.Qe3 Kg7 32.Re4 Rd4 33.Rxd4 cxd4 34.Qe5+ Kg8 35.d6 Qd2
36.Re1 Ra2 37.Qe8+ Kg7 38.Qe5+ f6 39.Qe7+ Kh6 40.Qe2 Qxe2+ 41.Rxe2 Ra6 42.Re6
Ra8 43.Ke2 Kg5 44.Kd3 Kf5 45.Re7 Ra6 46.d7 Rd6 47.Rxh7 g5 48.Re7 g4 49.b4 Rd5
50.Rg7 Rd6 51.Re7 {#d} 1/2-1/2